| 000 | 00555 a2200169 4500 | ||
|---|---|---|---|
| 999 |
_c5286 _d5286 |
||
| 010 | _aENG-86809 | ||
| 020 |
_c395.00 _a812503238X |
||
| 035 | _aEN-70342 | ||
| 037 | _bDBAD / PUB | ||
| 082 | 1 | 4 | _a230.2 |
| 100 | 1 | _aBadrinath, Chaturvedi | |
| 245 | 1 |
_aThe mahabharata : _cby Chaturvedi Badrinath _ban inquiry in the human condition / |
|
| 260 |
_aNew Delhi _bOrient Longman _c2007 |
||
| 270 |
_a1/24, Asaf Ali Road _bNew Delhi _mdelgeneral@orientlongman.com _e110 002 |
||
| 300 |
_axi, 683p _c24cm (pbk) |
||
| 942 |
_adpl _cEN _2ddc _h230.2 _mBAD |
||